000
00262nam a2200121Ia 4500
082
_a
618
_b
O97C
100
_a
CHIN
245
_a
ON CALL OBSTETRICS & GYNEACOLOGY
260
_b
SAUNDERS
_a
INDIA
_c
1997
300
_a
391
650
_a
OBST. & GYNEA.
942
_2
ddc
_c
BK
999
_c
1847
_d
1847